00639nam a2200217Ia 4500008004100000020001800041050001400059100001800073245001400091245002100105245006700126260001500193260001600208260000900224300001400233300002500247300001000272440001700282999001900299952010300318180207s9999 xx 000 0 und d a9780439417856 bW753 2002 aWilson, Sarah aRugrats : bbabies toyland / cby Sarah Willson ; illustrated by Robert Roper and Bob Ostrom. aNew York : bScholastic, c2002 aunpaged : bcolor illustration ; c20cm. aNickelodeon. c355710d355710 001040aSSISMbSSISMd2018-02-07l0oER W753 2002pSSISM5255r2018-02-07 00:00:00w2018-02-07yBK